| 000 | 00653cam a2200145 4500500 | ||
|---|---|---|---|
| 005 | 20251228053031.0 | ||
| 041 | _afre | ||
| 042 | _adc | ||
| 100 | 1 | 0 |
_aClaude, Viviane _eauthor |
| 245 | 0 | 0 | _aRaymonde Séchet et Vincent Veschambre (sous la direction de), Penser et faire la géographie sociale. Contributions à une épistémologie de la géographie sociale, Rennes, Presses universitaires de Rennes, 2006, 397 p. |
| 260 | _c2008. | ||
| 500 | _a7 | ||
| 786 | 0 | _nEspaces et sociétés | 131 | 4 | 2008-02-08 | p. 183f-201f | 0014-0481 | |
| 856 | 4 | 1 | _uhttps://shs.cairn.info/revue-espaces-et-societes-2007-4-page-183f?lang=fr&redirect-ssocas=7080 |
| 999 |
_c1584995 _d1584995 |
||